000 00294nam a22001337a 4500
008 170621b xxu||||| |||| 00| 0 eng d
020 _a0801824621
041 _aeng
080 _a338
100 _a20
101 _aSHP
245 _aTHE POVERTY OF NATIONS
_cMURDOCH.W.W
942 _2udc
_cBK
999 _c18378
_d18378